| 000 | 01074cam a2200217Ka 4500 | ||
|---|---|---|---|
| 082 |
_a625.725 _bTRA _cD |
||
| 100 | 1 |
_aRowan, Neilon J. _943643 |
|
| 245 | 1 | 0 |
_aSafety design and operational practices for streets and highways _cprepared for the Federal Highway Administration by Texas Transportation Institute, Texas A & M University ; authors, N.J. Rowan ... [et al.] ; editor, J.H. Johnson. |
| 260 |
_aWashington, D.C. : _bU.S. Dept. of Transportation, Offices of Research and Development, Implementation Division : _bFor sale by the Supt. of Docs., U.S. G.P.O., _c1980. |
||
| 300 |
_a1 online resource (305 p. in various pagings) : _bill. |
||
| 500 | _a"May 1980." | ||
| 526 |
_a0 _b0 _c0 _d625_725000000000000_TRA |
||
| 650 | 0 |
_aMCE _9379 |
|
| 650 | 0 |
_aRoads _xDesign and construction. _919562 |
|
| 650 | 0 |
_aRoads _xSafety measures. _920708 |
|
| 700 | 1 |
_aJohnson, Jocille Hanover, _943644 |
|
| 710 | 1 |
_aUnited States. _921185 |
|
| 710 | 2 |
_aTexas Transportation Institute. _920810 |
|
| 856 | 4 | 0 | _uhttp://catalog.hathitrust.org/api/volumes/oclc/6564858.html |
| 942 |
_2ddc _cBK |
||
| 999 |
_c547452 _d547452 |
||